| LEADER | 01259nam a2200361 a 4500 | ||
|---|---|---|---|
| 001 | 000734042 | ||
| 003 | CZ BrMZK | ||
| 005 | 20181024102508.0 | ||
| 007 | ta | ||
| 008 | 040910s2004 xr a drf 000 0 cze d | ||
| 015 | |a cnb001415947 | ||
| 020 | |a 80-902572-9-1 |q (brož.) | ||
| 035 | |a (OCoLC)85118953 | ||
| 040 | |a BOA001 |b cze | ||
| 041 | 0 | |a cze |a eng | |
| 072 | 7 | |a 811.111 |x Angličtina |2 Konspekt |9 11 | |
| 080 | |a 811.111 |2 MRF | ||
| 080 | |a 373.5.016 |2 MRF | ||
| 080 | |a 371.279.5/.6 |2 MRF | ||
| 080 | |a (035) |2 MRF | ||
| 245 | 0 | 0 | |a Maturitní otázky z angličtiny : |b 30 podrobně vypracovaých konverzačních témat z anglického jazyka včetně jejich českého překladu : + CD s namluvenými texty / |c [kolektiv autorů] |
| 250 | |a 5., přeprac. vyd. | ||
| 260 | |a Třebíč : |b Jiří Mrákota, |c 2004 | ||
| 300 | |a 191 s. : |b il. ; |c 24 cm + |e 1 CD-ROM | ||
| 500 | |a Dotisk 2006 | ||
| 650 | 0 | 7 | |a angličtina |7 ph114056 |2 czenas |
| 650 | 0 | 7 | |a učivo středních škol |7 ph136702 |2 czenas |
| 650 | 0 | 7 | |a maturitní otázky |7 ph136699 |2 czenas |
| 655 | 7 | |a příručky |7 fd133209 |2 czenas | |
| 910 | |a BOA001 |b 2-1139.766 | ||
| 990 | |a BK | ||
| 991 | |d dopl | ||
| 996 | 7 | |b 2610756069 |c 2-1139.766 |l MZK |r Sklad / do 1 hodiny |n 1 |p dar |w 000734042 |u 000020 |a 1 |e BOA001 |j MZK50 |s A | |
English
Čeština 